00332pab a2200121 454500008004200000100001800042245007400060260001100134300001500145362000900160650002100169773002000190180718b16 Feb xxu||||| |||| 00| 0 eng d aGoyal, Sanjay aExcellence in higher education : Present status and future strategies c16 Feb ap.171-174. a2015 aHigher education aUniversity News